00402cam a2200157 a 4500020001500000082001900015100001900034245003200053260004700085300001800132520003200150650001000182650001200192700001900204700002100223 a8187358157 a301.45297bAHM aAhmad, Imtiyaz00aLived Islam in South Asia : aNew Delhi :bSocial Science Press,cc2004. axxv, 308 p. ; aContributed seminar papers. 0aIslam 0aMuslims1 aAhmad, Imtiaz,1 aReifeld, Helmut.